000 00289nam a2200109Ia 4500
008 200302s9999 xx 000 0 und d
100 _aAbdul Wasay Najimi
245 _aHeart the Islamic City A Study in Urban Conservation
260 _bCurzon Press Ltd.
260 _c1988
300 _a175 P.,
999 _c2349
_d2349